| 000 | 00557nam a2200217 a 4500 | ||
|---|---|---|---|
| 001 | nice12345678 | ||
| 003 | IN_TiNIC | ||
| 005 | 20260116014450.0 | ||
| 008 | 070416s2003 newa grp 000 0 eng | ||
| 020 |
_a8176494615 _c395 |
||
| 082 | 0 | 0 |
_a954.0072 _bGAN |
| 100 | _aGanguly, Sumith | ||
| 245 | _aUnderstanding Contemporary India | ||
| 260 |
_aNew Delhi _bViva Books, 3rd Edition _c2003 |
||
| 300 | _a313p | ||
| 500 | _aincludes index and biblioraphy | ||
| 650 | _aIndia-Historiography | ||
| 902 | _bSRS | ||
| 942 | _cBK | ||
| 999 |
_c15468 _d15468 |
||